| 000 | 00909nam a2200229 a 4500 | ||
|---|---|---|---|
| 001 | BRCA_1352 | ||
| 005 | 20190320203404.0 | ||
| 008 | 900524s1987 mx-a---##b---#000-0#spa-# | ||
| 020 | _a9686191062 | ||
| 040 |
_aDLC _cDLC |
||
| 050 | 4 |
_aN8070 _b.I43 1987 |
|
| 245 | 1 | 0 |
_aImágenes guadalupanas _bcuatro siglos. |
| 260 |
_aMéxico _bCentro Cultural Arte Contemporáneo _cc1987 |
||
| 300 |
_a379 p. _bil. (algunas a color) _c29 cm. |
||
| 500 | _aCatálogo de la exposición realizada en el Centro Cultural Arte Contemporáneo (Ciudad de México), noviembre 1987 - marzo 1988 | ||
| 500 | _aIncluye piezas de la colección Franz Mayer : p. 27, 146, 165, 168, 206, 229, 235, 237, 278 y 280 | ||
| 500 | _aEstado físico: encuadernado, enero 2013 | ||
| 504 | _aBibliografía : p. 364-368 | ||
| 650 | 1 | 4 |
_aGuadalupe, nuestra señora de _xArte _94428 |
| 650 | 1 | 4 |
_aArte mexicano _vExposiciones _94429 |
| 942 |
_2lcc _cB |
||
| 999 |
_c1215 _d1215 |
||